Normal view
MARC view
Entry Personal Name
001 - CONTROL NUMBER
- control field: 26931
003 - CONTROL NUMBER IDENTIFIER
- control field: OSt
005 - DATE AND TIME OF LATEST TRANSACTION
- control field: 20260603121344.0
008 - FIXED-LENGTH DATA ELEMENTS
- fixed length control field: 260603|| aca||aabn | a|a d
040 ## - CATALOGING SOURCE
- Original cataloging agency: OSt
- Transcribing agency: OSt
100 ## - HEADING--PERSONAL NAME
- Personal name: Murck Barbara W
670 ## - SOURCE DATA FOUND
- Source citation: Work cat.: (OSt)23106: Murck Barbara W., Geology Today, 1999
